| 000 | 00952nam a2200205Ii 4500 | ||
|---|---|---|---|
| 003 | JO-AjNU | ||
| 008 | 230605s9999||||xx |||||||||||||| ||und|| | ||
| 040 |
_aJO-AjNU _bara _erda _cJO-AjNU |
||
| 041 | _aara | ||
| 050 | 1 | 4 | _aCS1122.H39.1998 |
| 100 | 3 |
_aابن شدقم؛ عزت، محمد زينهم محمد تقديم وتحقيق، الهامي، عائشة تقديم وتحقيق، الشرقاوي، مديحة تقديم وتحقيق, _eauthor _935509 |
|
| 245 | 0 | 0 | _aعجالة المبتدىء وفضالة المنتهى في النسب للإمام الحازمي يلية نخبة الزهرة الثمينة في نسب اشراف المدينة |
| 264 | 3 | 1 | _aالقاهرة: مطبعة مدبولي، 1998 |
| 300 | _a233ص | ||
| 336 |
_atext _btxt _2rdacontent |
||
| 337 |
_aunmediated _bn _2rdamedia |
||
| 338 |
_avolume _bnc _2rdacarrier |
||
| 490 | 0 | _aمن تراث الانساب؛ (1) | |
| 650 | 4 |
_aانساب العرب _935510 |
|
| 999 |
_aA14668 _c18236 _d18236 |
||